000 00273nmm a2200097Ia 4500
008 220120s9999||||xx |||||||||||||||||und||
020 _a81-203-1998-2
100 _aCHIP magazine
245 0 _aChip-OCT : Power tools, redhat, full games & demos, full sof
260 _bNew Delhi
999 _c139704
_d139704